| 000 | 00613nam a2200193Ia 4500 | ||
|---|---|---|---|
| 003 | GCL | ||
| 008 | 140319s9999 xx 000 0 ara d | ||
| 040 |
_aGCL / _cGCL |
||
| 082 | 0 | 4 |
_a323.4 _bو ج |
| 100 | 1 | _aوجدى ملاط | |
| 245 | 1 | 0 |
_aحقوق الانسان بين الامس واليوم / _cوجدى ملاط |
| 260 |
_a[S.N] : _bجامعة بيروت العربية ، _c1974 |
||
| 300 | _a31 ص | ||
| 490 |
_aجامعة بيروت العربية _v0 |
||
| 650 | 0 | 4 | _aالحقوق السياسية |
| 650 | 0 | 4 | _aحقوق الانسان |
| 650 | 0 | 4 | _aالحقوق المدنية |
| 942 |
_2ddc _cBK |
||
| 999 |
_c36707 _d36707 |
||